[Event "VI Open"]
[Site "Tarragona ESP"]
[Date "2005.08.28"]
[Round "9"]
[White "Kogan,Ar"]
[Black "Delchev,A"]
[Result "1/2-1/2"]
[WhiteElo "2580"]
[BlackElo "2656"]

1.d4 Nf6 2.Nf3 e6 3.c4 Bb4+ 4.Bd2 a5 5.e3 O-O 6.Bd3 d5 7.O-O dxc4 8.Bxc4 b6
9.a3 Bd6 10.Nc3 Bb7 11.Re1  1/2-1/2

[Event "49th TCh-ESP Honor 2"]
[Site "Sant Lluis ESP"]
[Date "2005.09.01"]
[Round "2"]
[White "Chernin,A"]
[Black "Moiseenko,A"]
[Result "1/2-1/2"]
[WhiteElo "2598"]
[BlackElo "2664"]

1.d4 Nf6 2.c4 e6 3.Nf3 Bb4+ 4.Bd2 c5 5.Bxb4 cxb4 6.g3 O-O 7.Bg2 d6 8.Nbd2 Nc6
9.Nf1 e5 10.Ne3 Ng4 11.Nd5 f5 12.a3 e4 13.Nd2 bxa3 14.Rxa3 Be6 15.h3 Nh6
16.Nf4 Bf7 17.e3 Nb4 18.h4 a5 19.Bf1 b6 20.Be2 Kh8 21.Kf1 Qe7 22.Kg2 Ng8
23.Nb1 Nf6 24.Nc3 Rac8 25.d5 Qe5 26.Qd2 g6  1/2-1/2

[Event "Autumn 1"]
[Site "Alushta UKR"]
[Date "2005.09.11"]
[Round "13"]
[White "Shtyrenkov,V"]
[Black "Kuzmin,Ge"]
[Result "1/2-1/2"]
[WhiteElo "2459"]
[BlackElo "2514"]

1.d4 Nf6 2.c4 e6 3.Nf3 Bb4+ 4.Bd2 a5 5.g3 d5 6.Qc2 c5 7.dxc5 d4 8.Bg2 Bxc5
9.Ne5 O-O 10.O-O Nfd7  1/2-1/2

[Event "EYg16"]
[Site "Herceg Novi SCG"]
[Date "2005.09.14"]
[Round "1"]
[White "Gunina,V"]
[Black "Toth,Sar"]
[Result "1-0"]
[WhiteElo "2394"]
[BlackElo "1998"]

1.d4 Nf6 2.c4 e6 3.Nf3 Bb4+ 4.Bd2 Qe7 5.Nc3 Nc6 6.a3 Bxc3 7.Bxc3 d6 8.d5 Nb8
9.e3 O-O 10.Qc2 h6 11.Bd3 e5 12.h3 Nbd7 13.Nd2 c6 14.e4 Nh5 15.g3 Nhf6 16.g4 Nc5
17.Be2 Qc7 18.f4 b5 19.fxe5 dxe5 20.Bb4 bxc4 21.Bxc5 Rd8 22.d6 Qd7 23.Nxc4 Qe6
24.Ne3 Nd7 25.Bc4 Qg6 26.O-O Rf8  1-0

[Event "EYb14"]
[Site "Herceg Novi SCG"]
[Date "2005.09.20"]
[Round "6"]
[White "Feller,S"]
[Black "Benidze,D"]
[Result "1/2-1/2"]
[WhiteElo "2282"]
[BlackElo "2243"]

1.d4 Nf6 2.c4 e6 3.Nf3 Bb4+ 4.Bd2 Qe7 5.g3 O-O 6.Bg2 Bxd2+ 7.Qxd2 d5 8.O-O Nbd7
9.Qc2 c5 10.cxd5 Nxd5 11.Nc3 Nb4 12.Qb3 Nb6 13.dxc5 Qxc5 14.Rac1 Qe7 15.Ne5 f6
16.Nc4 Nxc4 17.Qxc4 Rb8 18.a3 Nc6 19.Bxc6 bxc6 20.Na4 Rd8 21.Rfd1 h6 22.b4 Kh7
23.Qe4+ f5 24.Qe5 Rb5 25.Nc5 a5 26.Qc3 axb4 27.axb4 Qc7 28.Rxd8 Qxd8 29.Ra1 Qb6
30.Ra8 Qc7 31.Ra5 Rb8 32.Nd3 Rb6 33.Qa1 Bb7 34.Qe5 Qe7 35.Qd4 Qc7 36.Qe5 Qe7
37.Qd4 Qc7 38.Re5 Bc8 39.Rc5 Ba6  1/2-1/2

[Event "EYb16"]
[Site "Herceg Novi SCG"]
[Date "2005.09.21"]
[Round "7"]
[White "Krcal,M"]
[Black "Yaremko,N"]
[Result "0-1"]
[WhiteElo "2025"]
[BlackElo "2254"]

1.d4 Nf6 2.c4 e6 3.Nf3 Bb4+ 4.Bd2 Qe7 5.a3 Bxd2+ 6.Nbxd2 d6 7.g3 e5 8.dxe5 dxe5
9.e3 O-O 10.Bg2 c6 11.Qc2 Bg4 12.O-O e4 13.Nd4 c5 14.Nb5 Be2 15.Nxe4 Bxf1
16.Nxf6+ gxf6 17.Rxf1 Nc6 18.Nc3 Qe6 19.Nd5 Ne7 20.Nc7 Qe5 21.Nxa8 Rxa8 22.Rd1 Rb8
23.Rd7 b5 24.h4 bxc4 25.Qxc4 h5 26.Qa6 Rxb2 27.Qxa7 Nf5 28.Bd5 Nh6 29.Qxc5 Kg7
30.Qc7 Qxc7 31.Rxc7 Ng4 32.Rxf7+ Kg6 33.Rb7 Rd2 34.Bc6  0-1

[Event "Caissa IM September"]
[Site "Kecskemet HUN"]
[Date "2005.09.22"]
[Round "8"]
[White "Kragelj,I"]
[Black "Jakab,A"]
[Result "1/2-1/2"]
[WhiteElo "2230"]
[BlackElo "2451"]

1.d4 Nf6 2.c4 e6 3.Nf3 Bb4+ 4.Bd2 Qe7 5.g3 Bxd2+ 6.Qxd2 d6 7.Bg2 O-O 8.O-O Re8
9.Nc3 c6 10.e4 e5 11.Rfe1 a5 12.b3 Na6 13.h3 Rb8 14.Rad1 h6 15.Kh2 b6 16.Re3 Rb7  1/2-1/2

[Event "Geller mem Open A"]
[Site "Odessa UKR"]
[Date "2005.09.23"]
[Round "9"]
[White "Nedilko,V"]
[Black "Gasanov,E"]
[Result "1/2-1/2"]
[WhiteElo "2334"]
[BlackElo "2427"]

1.d4 Nf6 2.c4 e6 3.Nf3 Bb4+ 4.Bd2 a5 5.g3 b6 6.Bg2 Bb7 7.O-O O-O 8.Qc2 Be4
9.Qc1 Nc6 10.Bc3 Ne7 11.a3 Bxc3 12.Nxc3 Bxf3 13.Bxf3 d5 14.cxd5 exd5 15.Rd1 a4
16.Qc2 Qd7 17.Rac1 Rfc8 18.Rd2 g6 19.Qd1 Ra5 20.Qf1 Nf5 21.e3 Nd6 22.Rdc2 c6
23.Qg2 Kg7 24.g4 h6 25.h4 g5 26.hxg5 hxg5 27.Ne2 Ra7 28.Ng3 Rac7 29.Be2 Re8
30.Bd3 Rh8 31.Bf5 Qe8 32.Re1 c5 33.f3 Re7 34.Rce2 Qb5 35.e4 dxe4 36.fxe4 cxd4
37.e5 Nd5 38.exd6 Nf4 39.Qf3 Nh3+ 40.Kf1 Re3 41.Qg2 Nf4 42.Qf2 Nh3 43.Qg2 Nf4
44.Qf2  1/2-1/2

[Event "Geller mem Open A"]
[Site "Odessa UKR"]
[Date "2005.09.23"]
[Round "9"]
[White "Sumets,A"]
[Black "Peskov,A"]
[Result "1-0"]
[WhiteElo "2477"]
[BlackElo "2378"]

1.d4 Nf6 2.Nf3 e6 3.c4 Bb4+ 4.Bd2 Qe7 5.e3 O-O 6.Bd3 Bxd2+ 7.Nbxd2 d6 8.O-O e5
9.Qc2 Nc6 10.a3 Bg4 11.d5 Nb8 12.Ng5 g6 13.h3 Bc8 14.f4 Nh5 15.Kh2 f5 16.c5 Na6
17.b4 e4 18.Bc4 Ng7 19.Nb3 Kh8 20.Rac1 Nb8 21.cxd6 cxd6 22.Nd4 h6 23.Nge6 Bxe6
24.dxe6 Nc6 25.Nxc6 bxc6 26.Ba6 Qxe6 27.Qxc6 Rad8 28.Rfd1 g5 29.Bc4 Qg6 30.g3 Nh5
31.Rg1 Nf6 32.Be2 d5 33.Qc5 d4 34.exd4 Rf7 35.Bc4 Rfd7 36.Be6 Rxd4 37.Qxf5 Rd2+
38.Rg2 Qxf5 39.Bxf5 gxf4 40.gxf4 e3 41.Rc6 R8d6 42.Rxd6 Rxd6 43.Kg3 Ra6 44.Ra2 Nd5
45.Bd3 Rd6 46.Bc4 Nc3 47.Rc2 Nb1 48.Be2 Nd2 49.f5 Rd4 50.Rc7 a6 51.Re7 Ne4+
52.Kf3 Nd6 53.f6 Rd5 54.Kxe3 a5 55.b5 Nxb5 56.Bxb5 Rxb5  1-0

[Event "Geller mem Open A"]
[Site "Odessa UKR"]
[Date "2005.09.23"]
[Round "9"]
[White "Drozdovskij,Y"]
[Black "Zubov,A UKR"]
[Result "1/2-1/2"]
[WhiteElo "2517"]
[BlackElo "2473"]

1.d4 Nf6 2.Nf3 e6 3.c4 Bb4+ 4.Bd2 Qe7 5.g3 b6 6.Bg2 Bb7 7.O-O Bxd2 8.Qxd2 O-O
9.Nc3 d5 10.cxd5 exd5 11.Rac1 Na6 12.e3 Rfd8 13.Rfd1 c5 14.Qc2 Nb4 15.Qb1 Na6
16.Qf5 Nc7 17.Qe5 Ne6 18.h3 Rac8 19.g4 Ne4 20.dxc5 f6 21.Qh2 Rxc5 22.Nd4 Nxd4
23.Rxd4 Nxc3  1/2-1/2

[Event "Iranian Super League"]
[Site "Iran IRI"]
[Date "2005.09.30"]
[Round "11"]
[White "Abbasov,F"]
[Black "Melkumyan,H"]
[Result "1/2-1/2"]
[WhiteElo "2451"]
[BlackElo "2379"]

1.d4 Nf6 2.Nf3 e6 3.c4 Bb4+ 4.Bd2 c5 5.Bxb4 cxb4 6.g3 b6 7.Bg2 Bb7 8.O-O O-O
9.Qd3 d6 10.Nbd2 Qc7 11.Ne1 Bxg2 12.Kxg2 Re8 13.Nc2 a5 14.e4 e5 15.f3 Nc6
16.a3 bxa3 17.bxa3 Nd7 18.d5 Ne7 19.Ne3 Rf8 20.Rab1 Rab8 21.Kh1 Rb7 22.f4 exf4
23.gxf4 f5 24.exf5 Nc5 25.Qc2 Qd7 26.Nf3 Nxf5 27.Nxf5 Qxf5 28.Qxf5 Rxf5 29.Nd4 Rf6
30.f5 Nd3 31.Nc6 a4 32.Rf3 Nc5 33.Kg2 g6 34.fxg6 Rxg6+ 35.Rg3 Kg7 36.Nd4 Rxg3+
37.hxg3 Kf6 38.Rf1+ Kg6 39.Nf5 Rd7 40.Rf3 Ne4 41.Rf4 Nd2 42.Ne3 Re7 43.Rg4+  1/2-1/2

[Event "Open A"]
[Site "Hamburg GER"]
[Date "2005.10.03"]
[Round "3"]
[White "Kjetzae,J"]
[Black "Weeks,Ma"]
[Result "1/2-1/2"]
[WhiteElo "2092"]
[BlackElo "2268"]

1.d4 Nf6 2.c4 e6 3.Nf3 Bb4+ 4.Bd2 Qe7 5.g3 Nc6 6.Bg2 Bxd2+ 7.Nbxd2 d6 8.O-O O-O
9.e4 e5 10.d5 Nb8 11.Ne1 a5 12.Nd3 Na6 13.f4 Nd7 14.a3 Nac5 15.Nxc5 Nxc5
16.b4 Na6 17.f5 f6 18.Qb3 Bd7 19.Rac1 axb4 20.axb4 Kh8 21.Qc3 c5 22.b5 Nb4
23.Ra1 Rfc8 24.Nb3  1/2-1/2

[Event "Vojvodina Quality League"]
[Site "Pancevo SCG"]
[Date "2005.10.04"]
[Round "3"]
[White "Stojanovic,Zo"]
[Black "Bogosavljevic,B"]
[Result "1-0"]
[WhiteElo "2300"]
[BlackElo "2325"]

1.d4 Nf6 2.c4 e6 3.Nf3 Bb4+ 4.Bd2 c5 5.Bxb4 cxb4 6.g3 b6 7.Bg2 Bb7 8.O-O Qc7
9.Nbd2 O-O 10.Rc1 d6 11.Re1 Nbd7 12.Qb3 a5 13.a3 bxa3 14.Qxa3 Rfc8 15.b3 e5
16.e3 h6 17.Red1 g6 18.Nb1 Ne4 19.Nfd2 Nxd2 20.Nxd2 Bxg2 21.Kxg2 exd4 22.exd4 Nf6
23.Nf3 Re8 24.Re1 Ne4 25.Re3 Re7 26.Rce1 Rae8 27.Qa4 Nf6 28.Rxe7 Rxe7 29.Rxe7 Qxe7
30.Qc6 Qd8 31.h3 Kg7 32.Nd2 d5 33.Nf3 g5 34.c5 bxc5 35.dxc5 Ne4 36.Nd4 Qf6
37.Qxf6+ Kxf6 38.c6 Nd6 39.Kf3 Ke5 40.Ke3 Nc8 41.Nb5 h5 42.c7 h4 43.gxh4 gxh4
44.f4+ Kf5 45.Kf3 Ke6 46.Kg4  1-0

[Event "Belgrade Premier League"]
[Site "Belgrade SCG"]
[Date "2005.10.06"]
[Round "6"]
[White "Raicevic,V1"]
[Black "Milojevic,D"]
[Result "1/2-1/2"]
[WhiteElo "2453"]
[BlackElo "2153"]

1.d4 Nf6 2.c4 e6 3.Nf3 Bb4+ 4.Bd2 Qe7 5.Nc3 Bxc3 6.Bxc3 Ne4 7.Qc2 Nxc3 8.Qxc3 O-O
9.g3 d6 10.Bg2 Nd7 11.O-O e5 12.e4 a5 13.Rfe1 Re8 14.Rad1 c6 15.b3 Nf6 16.h3 Bd7
17.Qd2 c5 18.d5 b5 19.Qc2 b4 20.Nd2 Reb8 21.Kh2 a4 22.Qd3 Nh5 23.Qe2 Qg5
24.h4 Qh6 25.Bf3 Nf6 26.Nf1 axb3 27.axb3 Ra3 28.Rb1 Rba8 29.Kg2 Qg6 30.Rb2 h6
31.Qd3 Qh7 32.Ne3 g6 33.Rh1 Qg7 34.Qe2 Qf8 35.Nc2 Ra2 36.Rxa2 Rxa2 37.Ra1 Qa8
38.Qd1 Rxa1 39.Qxa1 Qxa1 40.Nxa1 g5 41.hxg5 hxg5 42.Kf1 g4 43.Bg2 Kg7 44.Ke2 Ng8
45.Nc2 Ne7 46.Ne3 f5 47.exf5 Nxf5 48.Nxf5+ Bxf5 49.Kd2 Kf6 50.Bf1  1/2-1/2

[Event "Open A"]
[Site "Hamburg GER"]
[Date "2005.10.07"]
[Round "7"]
[White "Colpe,H"]
[Black "Weeks,Ma"]
[Result "1-0"]
[WhiteElo "2091"]
[BlackElo "2268"]

1.d4 Nf6 2.Nf3 e6 3.c4 Bb4+ 4.Bd2 Qe7 5.Qc2 Bxd2+ 6.Nbxd2 Nc6 7.a3 d6 8.e4 e5
9.dxe5 dxe5 10.Be2 O-O 11.O-O a5 12.h3 Nh5 13.Rfd1 Nf4 14.Nf1 Qf6 15.Ne3 Qg6
16.Kh2 Be6 17.Bf1 Qh5 18.g4 Qh6 19.Qc3 f6 20.Nf5 Bxf5 21.exf5 Rad8 22.Qe3 Rfe8
23.Kg3 g6 24.Qe4 Qg7 25.c5 Kh8 26.h4 gxf5 27.Qxf5 Ne7 28.Qc2 Rg8 29.g5 fxg5
30.hxg5 Rdf8 31.Bc4 Nf5+ 32.Kh2 Qg6 33.Qe4 Qh5+ 34.Kg1 Qg4+ 35.Kf1 Qg2+ 36.Ke1 Qh1+
37.Kd2 Rd8+ 38.Kc2 Rgf8 39.Rxh1  1-0

[Event "Open A"]
[Site "Hamburg GER"]
[Date "2005.10.08"]
[Round "8"]
[White "Siebrecht,S"]
[Black "Meyer,Fa"]
[Result "0-1"]
[WhiteElo "2485"]
[BlackElo "2320"]

1.d4 Nf6 2.Nf3 e6 3.c4 Bb4+ 4.Bd2 Be7 5.Nc3 d5 6.Bg5 h6 7.Bh4 Nbd7 8.e3 c6
9.Bd3 dxc4 10.Bxc4 Nh5 11.Bxe7 Qxe7 12.O-O O-O 13.Ne5 Nhf6 14.Qe2 Nxe5 15.dxe5 Nd7
16.f4 b5 17.Bd3 Nc5 18.Rac1 Nxd3 19.Qxd3 Rd8 20.Qe2 a5 21.Ne4 b4 22.Rfd1 Ba6
23.Qc2 c5 24.b3 Rxd1+ 25.Rxd1 Bb7 26.Nd6 Qc7 27.Rc1 Ba6 28.Kf2 a4 29.Qe4 Rb8
30.g4 axb3 31.axb3 Bb7 32.Qc2 Qc6 33.e4 Qb6 34.Qxc5 Qd8 35.Kg3 Bxe4 36.Rc4 Bd5
37.Rxb4 Rxb4 38.Qxb4 Qc7 39.Nc4 Qa7 40.Qb6 Qa2 41.Ne3 Be4 42.Qd4 Qb1 43.Kf2 Qh1
44.Nf1 Qf3+ 45.Ke1 Bd3 46.Ng3 Bc2 47.b4 Qxg4 48.b5 Qf3 49.b6 Bb3 50.f5 Bd5
51.fxe6 fxe6 52.Ne2 g5 53.Qf2 Qe4 54.Qd4 Qb1+ 55.Kd2 Kg7 56.Nc3 Qb2+ 57.Kd3 Qa3
58.Qa4 Qf8 59.Qd7+ Kh8 60.Nxd5 exd5 61.b7 Qf1+ 62.Kc3 Qc4+ 63.Kb2 Qe2+ 64.Ka3 Qa6+
65.Kb4 Qb6+ 66.Qb5 Qd4+ 67.Kb3 Qe3+ 68.Kc2 Qe4+ 69.Qd3  0-1

[Event "Open A"]
[Site "Hamburg GER"]
[Date "2005.10.09"]
[Round "9"]
[White "Riazantsev,A"]
[Black "Sievers,S"]
[Result "1-0"]
[WhiteElo "2603"]
[BlackElo "2372"]

1.d4 Nf6 2.c4 e6 3.Nf3 Bb4+ 4.Bd2 Qe7 5.g3 Nc6 6.Nc3 Bxc3 7.Bxc3 Ne4 8.Rc1 d6
9.Bg2 O-O 10.O-O Nxc3 11.Rxc3 e5 12.d5 Nb8 13.Nd2 Nd7 14.b4 f5 15.c5 e4 16.cxd6 cxd6
17.f3 a5 18.b5 exf3 19.exf3 Qe5 20.Rc7 f4 21.Nc4 Qf6 22.Qa1 Ne5 23.Re1 Bh3
24.Nxe5 Bxg2 25.Nd7 Qd8 26.Nxf8 Qxc7 27.Ne6  1-0

[Event "5th ch-Asian"]
[Site "Hyderabad IND"]
[Date "2005.10.13"]
[Round "7"]
[White "Wang Rui"]
[Black "Nguyen Anh Dung"]
[Result "1/2-1/2"]
[WhiteElo "2474"]
[BlackElo "2551"]

1.d4 Nf6 2.c4 e6 3.Nf3 Bb4+ 4.Bd2 Qe7 5.g3 Nc6 6.Nc3 Bxc3 7.Bxc3 Ne4 8.Rc1 O-O
9.Bg2 d6 10.d5 Nxc3 11.Rxc3 Nb8 12.O-O  1/2-1/2

[Event "TCh-CZE Extraliga 2005-6"]
[Site "Czech Rep CZE"]
[Date "2005.10.15"]
[Round "1"]
[White "Polak,T"]
[Black "Chloupek,S"]
[Result "1-0"]
[WhiteElo "2499"]
[BlackElo "2319"]

1.d4 Nf6 2.c4 e6 3.Nf3 Bb4+ 4.Bd2 Qe7 5.g3 Nc6 6.a3 Bxd2+ 7.Qxd2 d6 8.Bg2 e5
9.Nc3 O-O 10.O-O Bg4 11.e3 Rfe8 12.Rac1 exd4 13.Nxd4 Nxd4 14.Qxd4 c6 15.h3 Be6
16.Rfd1 Red8 17.Rd2 d5 18.cxd5 Nxd5 19.Rcd1 Rd7 20.Nxd5 Bxd5 21.Qg4 Rad8
22.Bxd5 cxd5 23.Rd4 Qe6 24.Kg2 f5 25.Qf3 Qe5 26.R1d2 Rd6 27.Qd1 Qe6 28.Qa4 a6
29.Qb4 b5 30.Rc2 Rc6 31.Rcd2 Rd7 32.b3 Rc1 33.a4 Qc6 34.axb5 axb5 35.R2d3 h6
36.Qd2 Rc2 37.Qd1 Rb2 38.Rxd5 Rxd5 39.Rxd5 b4 40.Qd3 Qe6 41.Qxf5 Qxf5 42.Rxf5 Rxb3
43.Rb5 Rb1 44.h4 Kf7 45.h5 b3 46.Kf3 Ke6 47.Rb7 Kd5 48.Rxg7 Re1 49.Rb7 Kc4
50.Ke4 Kc3 51.g4 b2 52.f4 b1=Q+ 53.Rxb1 Rxb1 54.g5 Kd2 55.g6 Rb4+ 56.Kf3 Rb3
57.f5 Rxe3+ 58.Kf4 Kd3 59.f6 Kd4 60.g7 Re4+ 61.Kf5 Re5+ 62.Kg6 Rg5+ 63.Kxh6  1-0

[Event "TCh-NED 2005-6"]
[Site "Netherlands NED"]
[Date "2005.10.15"]
[Round "2"]
[White "Van der Werf,M"]
[Black "Deleyn,G"]
[Result "0-1"]
[WhiteElo "2401"]
[BlackElo "2300"]

1.d4 Nf6 2.Nf3 e6 3.c4 Bb4+ 4.Bd2 Qe7 5.g3 Nc6 6.Nc3 O-O 7.Bg2 Bxc3 8.Bxc3 Ne4
9.Rc1 d5 10.O-O Rd8 11.Qc2 Bd7 12.e3 Nxc3 13.Qxc3 Be8 14.Rfe1 Rac8 15.a3 dxc4
16.Qxc4 Qd6 17.Qc3 Ne7 18.Ng5 h6 19.Ne4 Qb6 20.Nc5 Nd5 21.Qc2 c6 22.b4 Qc7
23.Qb2 Qe7 24.Red1 Ra8 25.Bf1 Rab8 26.Bd3 f6 27.Qe2 b6 28.Nb3 Kf8 29.Re1 Qd7
30.Bb1 Ne7 31.Ba2 Bf7 32.Nd2 e5 33.Bxf7 Kxf7 34.Nf3 e4 35.Nd2 Qd5 36.Qg4 f5
37.Qh4 Qe6 38.Nc4 Ng6 39.Qh5 Kg8 40.Rc2 Rd5 41.Qe2 c5 42.Rd2 cxd4 43.exd4 Rbd8
44.Red1 f4 45.f3 e3 46.gxf4 Re8 47.f5 Rxf5 48.d5 Qf6 49.Nxe3 Qg5+ 50.Kf2 Rfe5
51.d6 Qh4+ 52.Kg1 Rxe3 53.d7 Rxe2  0-1

[Event "Chigorin Mem"]
[Site "St Petersburg RUS"]
[Date "2005.10.15"]
[Round "1"]
[White "Gromova,I"]
[Black "Orlov,Va"]
[Result "1/2-1/2"]
[WhiteElo "2137"]
[BlackElo "2437"]

1.d4 Nf6 2.c4 e6 3.Nf3 Bb4+ 4.Bd2 Qe7 5.g3 O-O 6.Bg2 Nc6 7.O-O Bxd2 8.Qxd2 d6
9.Nc3 e5 10.Nd5 Qd8 11.Rfd1 Bg4 12.dxe5 dxe5 13.Qe3 Nd7 14.Rd2 Re8 15.Rad1 Qc8
16.Ng5 Nb6 17.Qd3 Bf5 18.Be4 Bg6 19.Bxg6 hxg6 20.Qe4 Nxd5 21.Rxd5 f6 22.Nf3 Qf5
23.Qxf5 gxf5 24.Nh4 Ne7 25.Rd7 Rac8 26.Ng2  1/2-1/2

[Event "SCG First League m"]
[Site "Vrnjacka Banja SCG"]
[Date "2005.10.19"]
[Round "3"]
[White "Arsovic,Z"]
[Black "Cabrilo,G"]
[Result "1/2-1/2"]
[WhiteElo "2419"]
[BlackElo "2461"]

1.d4 Nf6 2.Nf3 e6 3.c4 Bb4+ 4.Bd2 Qe7 5.g3 Nc6 6.Bg2 Bxd2+ 7.Nbxd2 d6 8.Nf1 e5
9.Ne3 O-O 10.O-O Re8 11.Re1 a5  1/2-1/2

[Event "zt 3.3"]
[Site "Beijing CHN"]
[Date "2005.10.20"]
[Round "1"]
[White "Wang Rui"]
[Black "Wu Wenjin"]
[Result "1-0"]
[WhiteElo "2474"]
[BlackElo "2523"]

1.d4 Nf6 2.c4 e6 3.Nf3 Bb4+ 4.Bd2 Qe7 5.g3 Ne4 6.Bg2 Nxd2 7.Nbxd2 O-O 8.O-O Qd8
9.c5 Bxd2 10.Nxd2 Nc6 11.Nc4 Rb8 12.Rc1 Re8 13.Qd2 h6 14.Rfd1 Ne7 15.Qa5 Ra8
16.Qa3 f5 17.Rc2 Rf8 18.Rcd2 Nd5 19.f4 a5 20.e4 fxe4 21.Bxe4 g5 22.Rf1 Ra6
23.Rdf2 d6 24.fxg5 Rxf2 25.Rxf2 Qxg5 26.Qf3 Qe7 27.Qh5 Bd7 28.Qxh6 Qg7 29.Bh7+  1-0

[Event "Chigorin Mem"]
[Site "St Petersburg RUS"]
[Date "2005.10.20"]
[Round "6"]
[White "Solozhenkin,E"]
[Black "Bocharov,D"]
[Result "0-1"]
[WhiteElo "2495"]
[BlackElo "2592"]

1.d4 Nf6 2.c4 e6 3.Nf3 Bb4+ 4.Bd2 a5 5.Nc3 b6 6.e3 Bb7 7.Bd3 d6 8.O-O Nbd7
9.a3 Bxc3 10.Bxc3 O-O 11.Nd2 e5 12.Qc2 a4 13.dxe5 dxe5 14.Ne4 Qe7 15.Rad1 Ne8
16.Ng3 g6 17.Be4 c6 18.f4 Nef6 19.fxe5 Nxe5 20.Nf5 gxf5 21.Rxf5 Ra5 22.Bxa5 bxa5
23.Qc3 Re8 24.Bc2 Bc8 25.Rg5+ Ng6 26.Rxa5 Ng4 27.h3 N4e5 28.Bxg6 Nxg6 29.Qd4 Be6
30.Kh1 Qb7 31.Qf6 Qb6 32.Rxa4 Qxe3 33.Rd8 Rxd8 34.Qxd8+ Kg7 35.Qd1 Nf4 36.c5 Ne2
37.Rh4 Qf2 38.Rb4 Bxh3  0-1

[Event "Chigorin Mem"]
[Site "St Petersburg RUS"]
[Date "2005.10.21"]
[Round "7"]
[White "Lovkov,R"]
[Black "Khmelnitski,A"]
[Result "1-0"]
[WhiteElo "2365"]
[BlackElo "2486"]

1.d4 Nf6 2.c4 e6 3.Nf3 Bb4+ 4.Bd2 c5 5.Bxb4 cxb4 6.Nbd2 O-O 7.g3 b6 8.Bg2 Bb7
9.O-O d6 10.Qc2 Qe7 11.Rfd1 a5 12.Rac1 Na6 13.Nf1 Rac8 14.Ne3 Be4 15.Qd2 Qb7
16.Ne1 Bxg2 17.N1xg2 Rfd8 18.Nf4 Nb8 19.a3 Na6 20.axb4 Nxb4 21.Nd3 Ne4 22.Qe1 Nxd3
23.Rxd3 d5 24.cxd5 exd5 25.Rxc8 Rxc8 26.b4 a4 27.b5 Qd7 28.Qb4 Rc1+ 29.Rd1 Rxd1+
30.Nxd1 Qa7 31.f3 a3 32.fxe4 a2 33.Qc3 h5 34.Qa1 dxe4 35.Nc3 Qa3 36.Nxa2 h4
37.Kg2 hxg3 38.hxg3 f5 39.Qc3 Qxa2 40.Qc8+  1-0

[Event "II Open"]
[Site "Calvia ESP"]
[Date "2005.10.27"]
[Round "8"]
[White "Franco Ocampos,Z"]
[Black "Suba,M"]
[Result "1/2-1/2"]
[WhiteElo "2524"]
[BlackElo "2512"]

1.d4 Nf6 2.c4 e6 3.Nf3 Bb4+ 4.Bd2 Qe7 5.Nc3 b6 6.g3 Bb7 7.Bg2 Ne4 8.Nxe4 Bxe4
9.O-O Bxd2 10.Nxd2 Bxg2 11.Kxg2 O-O 12.Nf3  1/2-1/2

[Event "9th Bavarian Open"]
[Site "Bad Wiessee GER"]
[Date "2005.10.29"]
[Round "1"]
[White "Gebhard,D"]
[Black "Heinz,A"]
[Result "0-1"]
[WhiteElo "2027"]
[BlackElo "2363"]

1.d4 Nf6 2.Nf3 e6 3.c4 Bb4+ 4.Bd2 a5 5.a3 Bxd2+ 6.Nbxd2 Nc6 7.g3 d6 8.Bg2 e5
9.dxe5 dxe5 10.Qc2 Qe7 11.e4 Bg4 12.O-O O-O 13.h3 Bxf3 14.Nxf3 a4 15.Rfe1 Nd7
16.Rad1 Nc5 17.Qc3 Nb3 18.Nd2 Nxd2 19.Rxd2 Nd4 20.f4 Ra6 21.c5 Rc6 22.fxe5 Ne6
23.Rd5 Rxc5 24.Rxc5 Nxc5 25.Rd1 b6 26.Rd5 g6 27.Qd4 Qg5 28.Kh2 Qc1 29.Rd8 Ne6
30.Rxf8+ Kxf8 31.Qxa4 Qxb2 32.Qb4+ Qxb4 33.axb4 Nd4  0-1

[Event "ch-Elwood"]
[Site "Elwood AUS"]
[Date "2005.10.30"]
[Round "5"]
[White "Goldenberg,I"]
[Black "Froehlich,P"]
[Result "1/2-1/2"]
[WhiteElo "2335"]
[BlackElo "2360"]

1.d4 Nf6 2.c4 e6 3.Nf3 Bb4+ 4.Bd2 Qe7 5.g3 Nc6 6.Bg2 Bxd2+ 7.Nbxd2 d6 8.O-O a5
9.e4 e5 10.d5 Nb8 11.Ne1 h5 12.h4 O-O 13.Nd3 Na6 14.a3 Nc5 15.Nxc5  1/2-1/2

[Event "TCh-HUN 2005-6"]
[Site "Hungary HUN"]
[Date "2005.10.30"]
[Round "2"]
[White "Krizsany,L jr"]
[Black "Gyorkos,L"]
[Result "1/2-1/2"]
[WhiteElo "2451"]
[BlackElo "2424"]

1.d4 Nf6 2.c4 e6 3.Nf3 Bb4+ 4.Bd2 Be7 5.Nc3 d5 6.Bg5 O-O 7.e3 h6 8.Bh4 b6
9.cxd5 exd5 10.Bd3 Bb7 11.O-O Nbd7 12.Rc1 c5  1/2-1/2

[Event "Autumn Open"]
[Site "St Petersburg RUS"]
[Date "2005.11.04"]
[Round "7"]
[White "Kosov,Ig"]
[Black "Mukha,A"]
[Result "1-0"]
[WhiteElo "1664"]
[BlackElo "1845"]

1.d4 Nf6 2.c4 e6 3.Nf3 Bb4+ 4.Bd2 Bxd2+ 5.Qxd2 b6 6.Nc3 Bb7 7.Qf4 d6 8.e4 Nbd7
9.e5 dxe5 10.dxe5 Nh5 11.Qg4 g6 12.O-O-O Bxf3 13.gxf3 a6 14.f4 Ng7 15.Bg2 c6
16.Bxc6 Ra7 17.Ne4 O-O 18.Bxd7 Qa8 19.Nf6+ Kh8 20.Rhg1 Rc7 21.Kb1 Rd8 22.Qh4 h5
23.Qg5 Nf5 24.Bxe6 fxe6 25.Rxd8+ Qxd8 26.Qxg6  1-0

[Event "FSGM November"]
[Site "Budapest HUN"]
[Date "2005.11.05"]
[Round "1"]
[White "Seres,L"]
[Black "Prohaszka,P1"]
[Result "1/2-1/2"]
[WhiteElo "2396"]
[BlackElo "2070"]

1.d4 Nf6 2.c4 e6 3.Nf3 Bb4+ 4.Bd2 Qe7 5.g3 Nc6 6.Nc3 O-O 7.Bg2 Na5 8.b3 b6
9.O-O Bb7 10.Qc2 Rac8 11.Rfe1 c5 12.e4 cxd4 13.Nxd4 Bc5 14.Nf3 Ng4 15.Re2 Nc6
16.Rd1 h6 17.h3 Nge5 18.Nxe5 Nxe5 19.Bf4 d6 20.Na4 g5 21.Nxc5 bxc5 22.Be3 Nc6
23.f4 e5 24.Qd2 Nd4 25.Rf2 f6 26.Rdf1 Rce8 27.h4 exf4 28.gxf4 Bxe4 29.Bxd4 cxd4
30.fxg5 hxg5 31.Qxd4 f5 32.Bxe4 Qxe4 33.Qxe4 Rxe4 34.hxg5 Rg4+ 35.Rg2 Rd4
36.g6 f4 37.Rg4 Rf5 38.Re1 Re5 39.Rxe5 dxe5 40.Kf2 Rd2+ 41.Kf3 Kg7 42.Rg5  1/2-1/2

[Event "FSIMB November"]
[Site "Budapest HUN"]
[Date "2005.11.10"]
[Round "6"]
[White "Eperjesi,L"]
[Black "Fodor,T jr"]
[Result "1/2-1/2"]
[WhiteElo "2252"]
[BlackElo "2252"]

1.d4 Nf6 2.Nf3 e6 3.c4 Bb4+ 4.Bd2 c5 5.Bxb4 cxb4 6.a3 bxa3 7.Rxa3 O-O 8.e3 d6
9.Be2 b6 10.O-O Bb7 11.Nbd2 a5 12.Qb1 Nc6 13.Ng5 h6 14.Nge4 e5 15.dxe5 dxe5
16.Rd1 Nxe4 17.Nxe4 Qe7 18.Nd6 Rad8 19.Nxb7 Qxb7 20.Bf3 Qc7 21.Bd5 Rd6 22.Rc3 Rf6
23.g3 Nb4 24.Qe4 Na6  1/2-1/2

[Event "FSIMB November"]
[Site "Budapest HUN"]
[Date "2005.11.12"]
[Round "8"]
[White "Rombaldoni,D"]
[Black "Fodor,T jr"]
[Result "1/2-1/2"]
[WhiteElo "2316"]
[BlackElo "2252"]

1.d4 Nf6 2.c4 e6 3.Nf3 Bb4+ 4.Bd2 Qe7 5.g3 Nc6 6.Bg2 Bxd2+ 7.Qxd2 Ne4 8.Qc2 Qb4+
9.Nc3 Nxc3 10.Qxc3 Qxc3+ 11.bxc3 d6 12.Rb1 Rb8 13.Nd2 Na5 14.O-O b6 15.Be4 Ke7
16.Bd3 Ba6 17.c5 Bxd3 18.cxd6+ cxd6 19.exd3 d5 20.Nb3 Nc6 21.Rfc1 Rbc8 22.Kf1 g5
23.Ke2 Rc7 24.Kd2 Rhc8 25.a4 h5 26.a5 Nxa5 27.Nxa5 bxa5 28.Rb5 Rc6 29.Rxa5 R8c7
30.Ra4 f6 31.c4 e5 32.Kc3 dxc4 33.dxc4 exd4+ 34.Kxd4 Rd6+ 35.Kc3 Re6 36.Rca1 Re4
37.f3 Re3+ 38.Kd4 Rxf3 39.Rxa7 Kd7 40.Rxc7+ Kxc7 41.Ra7+ Kc6 42.Ra6+ Kc7
43.Ra2 Kc6 44.Ra6+ Kc7 45.Kc5 Rf5+ 46.Kb4 Kb7 47.Re6 Rf2 48.Kc5 Rxh2 49.Rxf6 h4
50.Rf7+ Kb8 51.gxh4 gxh4 52.Kc6 Rc2 53.Rf8+ Ka7 54.c5 h3 55.Rh8 h2 56.Rh7+ Kb8
57.Rb7+ Kc8 58.Rh7 Kb8 59.Rh8+ Ka7 60.Kd6 Rd2+ 61.Kc7 Rg2 62.Rh3 Rg7+ 63.Kc6 Rg6+
64.Kb5 Rg2 65.Rh6 Kb8 66.Kb6 Rb2+ 67.Kc6 Rg2  1/2-1/2

[Event "FSGM November"]
[Site "Budapest HUN"]
[Date "2005.11.12"]
[Round "8"]
[White "Ilincic,Z"]
[Black "Porat,I"]
[Result "1/2-1/2"]
[WhiteElo "2540"]
[BlackElo "2328"]

1.d4 Nf6 2.c4 e6 3.Nf3 Bb4+ 4.Bd2 Qe7 5.g3 Nc6 6.Bg2 Bxd2+ 7.Nbxd2 d6 8.O-O a5
9.e4 e5 10.d5 Nb8 11.Ne1 O-O 12.Nd3 Na6 13.b3 Nd7 14.a3 Ndc5 15.Nb2 Bd7 16.Qc2 f5
17.exf5 Bxf5 18.Qc3 Nb8 19.b4 axb4 20.axb4 Rxa1 21.Rxa1 Nca6 22.Nb3 b6 23.b5 Nc5
24.Nxc5 dxc5 25.Re1 Nd7 26.Be4 Bxe4 27.Rxe4 Qf7 28.Nd3 Qf5 29.Re2 Qg4  1/2-1/2

[Event "ch-CRO"]
[Site "Vukovar CRO"]
[Date "2005.11.14"]
[Round "8"]
[White "Cebalo,M"]
[Black "Hulak,K"]
[Result "0-1"]
[WhiteElo "2512"]
[BlackElo "2507"]

1.d4 Nf6 2.c4 e6 3.Nf3 Bb4+ 4.Bd2 c5 5.Bxb4 cxb4 6.a3 bxa3 7.Rxa3 Nc6 8.g3 O-O
9.Bg2 d6 10.O-O a6 11.Nc3 Rb8 12.Ra1 Re8 13.Rc1 Bd7 14.Re1 e5 15.h3 e4 16.Nd2 Bf5
17.e3 h5 18.f3 exf3 19.Qxf3 Bg6 20.Kh2 Qb6 21.b3 Nb4 22.c5 dxc5 23.Na4 Qd8
24.Nxc5 b6 25.Nb7 Qd7 26.Nc4 Be4  0-1

[Event "TCh-AUT 2005-6"]
[Site "Austria AUT"]
[Date "2005.11.19"]
[Round "2"]
[White "Genser,H"]
[Black "Freitag,M"]
[Result "1/2-1/2"]
[WhiteElo "2336"]
[BlackElo "2419"]

1.d4 Nf6 2.c4 e6 3.Nf3 Bb4+ 4.Bd2 Qe7 5.Nc3 O-O 6.g3 Nc6 7.Bg2 d6 8.O-O a5
9.b3 d5 10.Nb5 dxc4 11.bxc4 Bxd2 12.Nxd2 Rd8 13.e3 e5 14.d5 Nb4 15.a3 Na6
16.Qc2 Nc5 17.Nb3 a4 18.Nxc5 Qxc5 19.Qc3 Bf5 20.Qxe5 Bd3 21.Rfc1 Bxc4 22.Qc3 Qxb5
23.Qxc4 Qxc4 24.Rxc4 Nxd5 25.Bxd5 Rxd5 26.Rxc7 Rb5 27.Rd1 Rb3 28.Rdd7 Rf8
29.Rxb7 Rxa3 30.Ra7 Ra2 31.g4 a3 32.Rd3 h5 33.gxh5 Re8 34.Rdxa3 Rxa3 35.Rxa3 Re5
36.h4 Rxh5 37.Ra4 Rb5 38.Kg2 g6 39.Kg3 Kg7 40.Rd4 Ra5 41.Rd6 Rb5 42.e4 Rb1
43.Kg2 Rb2 44.Kg3 Rb1 45.e5 Rg1+ 46.Kh2 Rg4 47.Kh3 Re4 48.Rd5 f6 49.Rd7+ Kh6
50.exf6 Rf4 51.Kg3 Rxf6 52.f4 Ra6 53.Kg4  1/2-1/2